00643nam a22002177a 450000500170000001000130001702000210003003500130005103700160006404000120008008200160009210000140010824500640012226000350018627000620022130000200028350000200030365000270032365000550035070000200040520170124110017.0 aA-459276 c00.00a818518609 aA-459276 bCen Lib/Ret aDPLbEN a305.56bRAO aRao, K. N aMandal report x-rayed /cby K. N. Rao [and] S. S. Ahluwalia aNew DelhibEastern Booksc1990 aF-26, Shankar Market, Connaught CircusbNew Delhie110001 a248p.c21cm(Hb) aIncludes index  aReverse discrimination aPeople with social disabilities--Government policy aAhluwalia, S. S